| 000 | 00504nam a2200169 4500 | ||
|---|---|---|---|
| 001 | 148157 | ||
| 003 | ES-MaACL | ||
| 005 | 20230906202449.0 | ||
| 007 | t| | ||
| 008 | 070214s1958 sp r ||||1| spa d | ||
| 100 | 1 |
_aStalwart, Edwin. _9107869 |
|
| 245 | 1 | 0 |
_aAsesinato invertido / _cEdwin Stalwart ; versión española de Carlos Paytuvi. |
| 260 |
_aBarcelona : _bG. P., _c1958. |
||
| 300 |
_a159 p. ; _c19 cm. |
||
| 700 | 0 |
_aPaytuví de Sierra, Carlos. _989742 |
|
| 852 |
_aES-MaACL _jC-14777 _bR.42126 |
||
| 999 |
_c148157 _d148157 |
||